National Assembly Library of Thailand

รวมกฎหมายที่พิจารณาในคณะอนุกรรมการปรับปรุงและพัฒนากฎหมายด้านที่ดิน. (ระเบียนเลขที่ 65957)

รายละเอียดในรูปแบบ MARC
000 -LEADER
fixed length control field 01133nam a22002057a 4500
003 - CONTROL NUMBER IDENTIFIER
control field NALT
005 - DATE AND TIME OF LATEST TRANSACTION
control field 20220704104257.0
008 - FIXED-LENGTH DATA ELEMENTS--GENERAL INFORMATION
fixed length control field s2552 th ||||| |||| 00| 0 tha d
040 ## - CATALOGING SOURCE
Original cataloging agency ์NALT
090 ## - LOCALLY ASSIGNED LC-TYPE CALL NUMBER (OCLC); LOCAL CALL NUMBER (RLIN)
Classification number (OCLC) (R) ; Classification number, CALL (RLIN) (NR) KO 22
Local cutter number (OCLC) ; Book number/undivided call number, CALL (RLIN) ร155 2552
245 00 - TITLE STATEMENT
Title รวมกฎหมายที่พิจารณาในคณะอนุกรรมการปรับปรุงและพัฒนากฎหมายด้านที่ดิน.
260 ## - PUBLICATION, DISTRIBUTION, ETC.
Place of publication, distribution, etc. กรุงเทพฯ :
Name of publisher, distributor, etc. สำนักงานคณะกรรมการกฤษฎีกา,
Date of publication, distribution, etc. 2552.
300 ## - PHYSICAL DESCRIPTION
Extent 1 เล่ม ;
Other physical details
Dimensions 29 ซม.
650 #4 - SUBJECT ADDED ENTRY--TOPICAL TERM
Topical term or geographic name entry element อุทยานแห่งชาติ
9 (RLIN) 25345
General subdivision กฎหมายและระเบียบข้อบังคับ
650 #4 - SUBJECT ADDED ENTRY--TOPICAL TERM
Topical term or geographic name entry element อาคารชุด
9 (RLIN) 34913
General subdivision กฎหมายและระเบียบข้อบังคับ
650 #4 - SUBJECT ADDED ENTRY--TOPICAL TERM
Topical term or geographic name entry element ที่ดิน
9 (RLIN) 35365
General subdivision กฎหมายและระเบียบข้อบังคับ
850 ## - HOLDING INSTITUTION
Holding institution NALT
942 ## - ADDED ENTRY ELEMENTS (KOHA)
Koha item type Law Book
Source of classification or shelving scheme Local Classification
998 ## - STAFF NAME (NALT)
-- 104
-- นางสาวสายฝน ดีงาม
รายการที่มีในห้องสมุด
Withdrawn status Lost status Source of classification or shelving scheme Damaged status Not for loan Collection code Home library Current library Shelving location Date acquired Source of acquisition Full call number Barcode Date last seen Copy number Price effective from Koha item type
    Local Classification     Law Book collection National Assembly Library of Thailand National Assembly Library of Thailand Law Book shelves 24/05/2022 บริจาค KO 22 ร155 2552 3961189288 09/06/2017 ฉ. 3 09/06/2017 Law Book
    Local Classification     Law Book collection National Assembly Library of Thailand National Assembly Library of Thailand Law Book shelves 24/05/2022 บริจาค KO 22 ร155 2552 3961189287 09/06/2017 ฉ.2 09/06/2017 Law Book
    Local Classification     Law Book collection National Assembly Library of Thailand National Assembly Library of Thailand Law Book shelves 24/05/2022 บริจาค KO 22 ร155 2552 3961189286 09/06/2017 ฉ.1 09/06/2017 Law Book
หอสมุดรัฐสภา
สำนักงานเลขาธิการสภาผู้แทนราษฎร เลขที่ 1111 ถนนสามเสน แขวงถนนนครไชยศรี เขตดุสิต กรุงเทพฯ 10300
The Secretariat of the House of Representatives 1111 Samsen Road, Thanon Nakhon Chai Si, Dusit, Bangkok 10300, THAILAND
โทรศัพท์: +66(0) 2242 5900 ต่อ 5714-5 โทรสาร: +66(0) 2242 5990 อีเมล: [email protected]